Signal processing and linear systems (Record no. 1319)

000 -LEADER
fixed length control field 00543nam a2200205 a 4500
001 - CONTROL NUMBER
control field 1319
003 - CONTROL NUMBER IDENTIFIER
control field BD-DhUET
008 - FIXED-LENGTH DATA ELEMENTS--GENERAL INFORMATION
fixed length control field 980109s1998 caua b 001 0 eng
020 ## - INTERNATIONAL STANDARD BOOK NUMBER
International Standard Book Number 0941413357
040 ## - CATALOGING SOURCE
Original cataloging agency DLC
Transcribing agency DLC
Modifying agency BD-DhUET
082 00 - DEWEY DECIMAL CLASSIFICATION NUMBER
Classification number 623.22
Item number LAT/1998
100 ## - MAIN ENTRY--PERSONAL NAME
Personal name Lathi B. P.
245 10 - TITLE STATEMENT
Title Signal processing and linear systems
250 ## - EDITION STATEMENT
Edition statement 1st ed
260 ## - PUBLICATION, DISTRIBUTION, ETC. (IMPRINT)
Place of publication, distribution, etc. New York
Name of publisher, distributor, etc. Oxford University Press
Date of publication, distribution, etc. 1998
300 ## - PHYSICAL DESCRIPTION
Extent x, 850 p.
Other physical details ill.
Dimensions 24 cm.
504 ## - BIBLIOGRAPHY, ETC. NOTE
Bibliography, etc Includes bibliographies
650 #0 - SUBJECT ADDED ENTRY--TOPICAL TERM
Topical term or geographic name as entry element Digital signal processing
942 ## - ADDED ENTRY ELEMENTS (KOHA)
Koha item type General Book
Holdings
Copy number Koha renewals Piece designation (barcode) Price effective from Damaged status Koha date last borrowed Koha item type Not for loan Date acquired Sublocation or collection (holding branch) Shelving location Source of classification or shelving scheme Koha date last seen Koha normalized classification for sorting Location (home branch) Koha issues (times borrowed) Koha full call number Lost status Withdrawn status
121038562014-09-03  General Book 2014-09-03Central Library, BUETCirculation section 2019-09-14623_000000000000000_22LAT1998Central Library, BUET 623.22/LAT/1998  
2 1038572014-09-03  General Book 2014-09-03Central Library, BUETCirculation section 2014-09-03623_000000000000000_22LAT1998Central Library, BUET 623.22/LAT/1998  
3 1038592014-09-03 2015-06-13General Book 2014-09-03Central Library, BUETCirculation section 2017-08-19623_220000000000000_LAT_1998Central Library, BUET1623.22/LAT/1998  
4 1038602014-09-03 2015-10-20General Book 2014-09-03Central Library, BUETCirculation section 2017-01-08623_000000000000000_22LAT1998Central Library, BUET1623.22/LAT/1998  
5 1038632014-09-03 2015-05-25General Book 2014-09-03Central Library, BUETCirculation section 2017-04-11623_000000000000000_22LAT1998Central Library, BUET1623.22/LAT/1998  
6 1038642014-09-03 2015-05-25General Book 2014-09-03Central Library, BUETCirculation section 2017-06-13623_000000000000000_22LAT1998Central Library, BUET1623.22/LAT/1998  
7 1038652014-09-03  General Book 2014-09-03Central Library, BUETCirculation section 2017-08-20623_000000000000000_22LAT1998Central Library, BUET 623.22/LAT/1998  
8 1038582014-11-18  General Book 2014-11-18Central Library, BUETCirculation section 2017-10-10623_000000000000000_22LAT1998Central Library, BUET 623.22/LAT/1998  
9 1038612014-12-02 2017-04-18General Book 2014-12-02Central Library, BUETCirculation section 2017-05-31623_220000000000000_LAT1998Central Library, BUET1623.22 LAT/1998  
1021000352015-06-03  General Book 2015-06-03Central Library, BUETCirculation section 2017-02-06623_220000000000000_LAT_1998Central Library, BUET 623.22/LAT/1998  
11 1038622017-10-31 2025-09-07General Book 2007-05-28Central Library, BUETCirculation section 2025-09-17623_220000000000000_LAT_1998Central Library, BUET2623.22/LAT/1998